000 00372nam a22001577a 4500
020 _a9789393986481
082 _a823
_bDEE/A
100 _aDeepti Kapoor
245 _aAge of vice /
_cby Deepti Kapoor
260 _aNew Delhi:
_bJuggernaut,
_c2023.
300 _a549p.
650 _aEnglish Novel
650 _aLiterature English
650 _aLiterature
942 _cBK
999 _c181292
_d181292